Tuyển truyện ngắn, tập 2
Gespeichert in:
| Format: | Buch |
|---|---|
| Veröffentlicht: |
2005
|
| Tags: |
Tag hinzufügen
Keine Tags, Fügen Sie den ersten Tag hinzu!
|
| Thư viện lưu trữ: | Mạng thư viện Đại học Đà Nẵng |
|---|
| LEADER | 00447nam a22001811a 4500 | ||
|---|---|---|---|
| 001 | 000040848 | ||
| 003 | 17143 | ||
| 005 | 20160412023700.0 | ||
| 008 | 160412s2005 000 | ||
| 082 | |a V(23)44-45 | ||
| 245 | |a Tuyển truyện ngắn, tập 2 |c Nguyễn Công Hoan | ||
| 260 | |c 2005 | ||
| OWN | |a LNN | ||
| 999 | |a From the UDN01 | ||
| TYP | |a Monograph | ||
| 980 | |a Mạng thư viện Đại học Đà Nẵng | ||